000 00211 a2200097 4500
001 45289
100 _aJagger E.T
245 _aWings in motion
260 _aLondon
_bSir ISAAC pitman
_c
090 _c28470
_d28470
942 _aNUST-CAE
_cM
_c20525
999 _c280362
_d280362